000 00691cab a2200241 4500
001 ABS58481
008 090401t1998 xxu||||| |||| 00| 0 eng d
035 _a(Sirsi) u85046
041 _aeng
245 _aEast European construction can learn from the West
260 _c1998
350 _a0
490 _aCSM
_bChartered Surveyor Monthly
_v7(6) March 1998, 38-39(2)
520 _aConsiders the problems facing the construction industry in post-communist Eastern Europe.
650 _aCONSTRUCTION INDUSTRY
650 _aCZECH REPUBLIC
650 _aEASTERN EUROPE
650 _aHUNGARY
650 _aPOLAND
690 _aOVERSEAS-EUROPE
942 _n0
948 _c18/03/1998
999 _c53468
_d53468